[Event "Ljubljana-chT 71st"]
[Site "Ljubljana"]
[Date "2018.01.11"]
[Round "1.1"]
[White "Subelj, Jan"]
[Black "Kmetic, Val"]
[Result "1-0"]
[WhiteElo "2220"]
[BlackElo "1794"]
[PlyCount "57"]
[EventDate "2018.01.11"]
[EventType "team-tourn"]
[EventRounds "9"]
[EventCountry "SLO"]
[SourceTitle "EXT 2020"]
[Source "ChessBase"]
[SourceDate "2019.10.17"]
[SourceVersion "1"]
[SourceVersionDate "2019.10.17"]
[SourceQuality "1"]
[WhiteTeam "Komenda Popotnik"]
[BlackTeam "Loka pri Mengsu"]
[WhiteTeamCountry "SLO"]
[BlackTeamCountry "SLO"]

1. e4 e5 2. Nf3 Nc6 3. Bb5 f5 4. d3 Nf6 5. 0-0 d6 6. Nc3 Be7 7. exf5 Bxf5 8. d4 exd4 9. Nxd4 Bd7 10. Re1 Nxd4 11. Qxd4 Bxb5 12. Nxb5 0-0 13. Qc4+ Rf7 14. Qxc7 Qxc7 15. Nxc7 Rc8 16. Ne6 Ng4 17. f3 Ne5 18. f4 Ng6 19. c3 d5 20. Be3 b6 21. Rad1 Rf6 22. Bd4 Rf7 23. Bxg7 Rxg7 24. Nxg7 Kxg7 25. f5 Bc5+ 26. Kh1 Ne7 27. b4 Bd6 28. Re6 Nxf5 29. g4 1-0

[Event "SLO-chT Central 1st League 18th"]
[Site "Slovenia"]
[Date "2017.09.28"]
[Round "3.1"]
[White "Jukan, Nesib"]
[Black "Kmetic, Val"]
[Result "1-0"]
[WhiteElo "2007"]
[BlackElo "1748"]
[PlyCount "43"]
[EventDate "2017.09.14"]
[EventType "team-swiss"]
[EventRounds "9"]
[EventCountry "SLO"]
[SourceTitle "EXT 2022"]
[Source "ChessBase"]
[SourceDate "2021.10.06"]
[SourceVersion "1"]
[SourceVersionDate "2021.10.06"]
[SourceQuality "1"]
[WhiteTeam "Trzin Buscotrade II"]
[BlackTeam "Loka pri Mengsu"]
[WhiteTeamCountry "SLO"]
[BlackTeamCountry "SLO"]

1. d4 d5 2. Bg5 h6 3. Bh4 c5 4. dxc5 Qa5+ 5. Nc3 e6 6. e4 dxe4 7. b4 Qc7 8. Nb5 Qd7 9. Qxd7+ Kxd7 10. 0-0-0+ Kc6 11. Rd8 Nd7 12. Nd4+ Kc7 13. Nb5+ Kc6 14. Bg3 e5 15. Bxe5 Be7 16. Nxa7+ Rxa7 17. Rxc8+ Kd5 18. Bxg7 Bg5+ 19. Kb1 Rh7 20. Rxg8 f5 21. Bb5 Ne5 22. Ne2 1-0

[Event "SLO-ch U14"]
[Site "Ptuj"]
[Date "2017.03.02"]
[Round "8"]
[White "Brilej, Jaka"]
[Black "Kmetic, Val"]
[Result "1-0"]
[WhiteElo "2028"]
[BlackElo "1750"]
[PlyCount "74"]
[EventDate "2017.02.25"]
[EventType "swiss"]
[EventRounds "9"]
[EventCountry "SLO"]
[SourceTitle "CBM 177 Extra"]
[Source "ChessBase"]
[SourceDate "2017.04.27"]
[SourceVersion "1"]
[SourceVersionDate "2017.04.27"]
[SourceQuality "1"]

1. e4 e5 2. Nf3 Nc6 3. Bb5 f5 4. Nc3 fxe4 5. Nxe4 Nf6 6. Nxf6+ Qxf6 7. Qe2 Be7 8. Bxc6 bxc6 9. d4 e4 10. Qxe4 d5 11. Qe5 0-0 12. Qxf6 Bxf6 13. Bg5 Bg4 14. Bxf6 Bxf3 15. Be5 Be4 16. c3 Rab8 17. b3 Rf7 18. f3 Bd3 19. Kd2 Ba6 20. Rae1 Bc8 21. Bg3 Bf5 22. Re3 Kf8 23. Rhe1 Rc8 24. Bh4 Bd7 25. Be7+ Kg8 26. Bc5 a6 27. Re5 g6 28. Re7 Rcf8 29. R7e5 Rd8 30. Bb4 Rc8 31. Ba5 Kf8 32. h4 h6 33. Bb4+ Kg7 34. Re7 Rcf8 35. Rxd7 Rxd7 36. Bxf8+ Kxf8 37. Re6 a5 1-0

[Event "SLO-ch U14"]
[Site "Ptuj"]
[Date "2017.02.28"]
[Round "5"]
[White "Siraj, Anej"]
[Black "Kmetic, Val"]
[Result "1/2-1/2"]
[WhiteElo "1709"]
[BlackElo "1750"]
[PlyCount "60"]
[EventDate "2017.02.25"]
[EventType "swiss"]
[EventRounds "9"]
[EventCountry "SLO"]
[SourceTitle "CBM 177 Extra"]
[Source "ChessBase"]
[SourceDate "2017.04.27"]
[SourceVersion "1"]
[SourceVersionDate "2017.04.27"]
[SourceQuality "1"]

1. d4 d5 2. Nf3 Nf6 3. Bf4 c5 4. e3 Nc6 5. c3 e6 6. Nbd2 Be7 7. Bd3 Nh5 8. Bg3 f5 9. Ne5 Nxg3 10. hxg3 Nxe5 11. dxe5 Qc7 12. f4 c4 13. Bc2 Qb6 14. Ba4+ Kf7 15. Kf2 Qxb2 16. Qh5+ Kg8 17. Qe8+ Bf8 18. Rab1 Qxd2+ 19. Kf3 d4 20. cxd4 Qd3 21. Bc6 bxc6 22. Rb7 h6 23. Rc7 c3 24. Qf7+ Kh7 25. Qf6 Qe4+ 26. Kf2 Qc2+ 27. Kf3 Qe4+ 28. Kf2 Qc2+ 29. Kf3 Qe4+ 30. Kf2 Qc2+ 1/2-1/2

[Event "SLO-ch U14"]
[Site "Ptuj"]
[Date "2017.02.27"]
[Round "4"]
[White "Kmetic, Val"]
[Black "Pecnik, Maj"]
[Result "1-0"]
[WhiteElo "1750"]
[BlackElo "1398"]
[PlyCount "61"]
[EventDate "2017.02.25"]
[EventType "swiss"]
[EventRounds "9"]
[EventCountry "SLO"]
[SourceTitle "CBM 177 Extra"]
[Source "ChessBase"]
[SourceDate "2017.04.27"]
[SourceVersion "1"]
[SourceVersionDate "2017.04.27"]
[SourceQuality "1"]

1. d4 d5 2. Nf3 Nf6 3. e3 e6 4. Bd3 Be7 5. Nbd2 0-0 6. Qe2 Nbd7 7. 0-0 b6 8. e4 Bb7 9. e5 Ne8 10. h3 c5 11. c3 c4 12. Bc2 Nc7 13. Re1 Rc8 14. Nf1 b5 15. N3h2 f5 16. exf6 Nxf6 17. Ng4 Bd6 18. Bg5 Be7 19. Ne5 Qe8 20. Ng3 a5 21. Bxf6 Bxf6 22. Qg4 Bxe5 23. Rxe5 Qf7 24. Rf1 Qf4 25. Qh5 Qh6 26. Qe2 b4 27. Rh5 Qf6 28. Rxh7 Nb5 29. Qh5 g5 30. Rh6 Qg7 31. Rg6 1-0

[Event "Ljubljana-chT 70th"]
[Site "Ljubljana"]
[Date "2017.01.26"]
[Round "3.2"]
[White "Justin, Matjaz"]
[Black "Kmetic, Val"]
[Result "1-0"]
[WhiteElo "2273"]
[BlackElo "1750"]
[PlyCount "75"]
[EventDate "2017.01.12"]
[EventType "team-tourn"]
[EventRounds "9"]
[EventCountry "SLO"]
[SourceTitle "EXT 2019"]
[Source "ChessBase"]
[SourceDate "2018.10.10"]
[SourceVersion "1"]
[SourceVersionDate "2018.10.10"]
[SourceQuality "1"]
[WhiteTeam "Vrhnika"]
[BlackTeam "Loka Pri Mengsu"]
[WhiteTeamCountry "SLO"]
[BlackTeamCountry "SLO"]

1. e4 e5 2. Nf3 Nc6 3. Bb5 f5 4. d4 exd4 5. Nxd4 Nxd4 6. Qxd4 fxe4 7. Nc3 c6 8. Ba4 Nf6 9. Bg5 Be7 10. 0-0-0 0-0 11. Bxf6 Bxf6 12. Qd6 Bxc3 13. bxc3 Rf6 14. Bb3+ Kh8 15. Qe5 d5 16. Qxe4 Bf5 17. Qe5 Qf8 18. Rhe1 b5 19. Qe7 Kg8 20. f3 a6 21. Re5 Qxe7 22. Rxe7 Re6 23. Rxd5 Kf8 24. Rxe6 Bxe6 25. Rd6 Bxb3 26. cxb3 Rc8 27. Kd2 Ke7 28. Rd4 c5 29. Rd5 Ke6 30. c4 b4 31. f4 g6 32. g4 Rc6 33. h4 Kf6 34. Ke3 Re6+ 35. Kf3 Rc6 36. h5 h6 37. hxg6 Kxg6 38. Ke4 1-0

[Event "Ljubljana-chT 70th"]
[Site "Ljubljana"]
[Date "2017.01.19"]
[Round "2.1"]
[White "Marinsek, Tomaz"]
[Black "Kmetic, Val"]
[Result "1-0"]
[WhiteElo "2148"]
[BlackElo "1750"]
[PlyCount "27"]
[EventDate "2017.01.12"]
[EventType "team-tourn"]
[EventRounds "9"]
[EventCountry "SLO"]
[SourceTitle "EXT 2019"]
[Source "ChessBase"]
[SourceDate "2018.10.10"]
[SourceVersion "1"]
[SourceVersionDate "2018.10.10"]
[SourceQuality "1"]
[WhiteTeam "Mentor"]
[BlackTeam "Loka Pri Mengsu"]
[WhiteTeamCountry "SLO"]
[BlackTeamCountry "SLO"]

1. e4 e5 2. Nf3 Nc6 3. Bb5 f5 4. Nc3 d6 5. d4 fxe4 6. Nxe4 exd4 7. Bg5 Be7 8. Qxd4 Bxg5 9. Nfxg5 Qe7 10. 0-0-0 Bd7 11. Bxc6 Bxc6 12. Rhe1 0-0-0 13. Qxa7 h6 14. Nxd6+ 1-0

[Event "Ljubljana-chT 68th Superliga"]
[Site "Ljubljana"]
[Date "2015.03.19"]
[Round "9.3"]
[White "Ursic, Mateja"]
[Black "Kmetic, Val"]
[Result "1-0"]
[WhiteElo "2007"]
[BlackElo "1547"]
[PlyCount "73"]
[EventDate "2015.01.08"]
[EventType "team-tourn"]
[EventRounds "9"]
[EventCountry "SLO"]
[SourceTitle "EXT 2022"]
[Source "ChessBase"]
[SourceDate "2021.10.06"]
[SourceVersion "1"]
[SourceVersionDate "2021.10.06"]
[SourceQuality "1"]
[WhiteTeam "Crni Vitezi"]
[BlackTeam "Loka pri Mengsu"]
[WhiteTeamCountry "SLO"]
[BlackTeamCountry "SLO"]

1. e4 e5 2. d4 exd4 3. Qxd4 Nc6 4. Qe3 Nf6 5. Nc3 Bb4 6. Bd2 0-0 7. 0-0-0 Re8 8. f3 b6 9. Qf2 a5 10. g4 Bb7 11. h4 Bf8 12. h5 g6 13. hxg6 hxg6 14. Qh4 Bg7 15. Bh6 Nh7 16. Bxg7 Qxh4 17. Rxh4 Kxg7 18. Rxd7 Re7 19. Rxe7 Nxe7 20. Rh2 Nf8 21. Rd2 c6 22. a4 Re8 23. Bc4 f6 24. Nge2 Nc8 25. Nf4 Re7 26. Nce2 Nd7 27. Ne6+ Kh8 28. Nd8 Ne5 29. Nxb7 Nxc4 30. Rd8+ Kg7 31. Rxc8 Rxb7 32. Rxc6 Ne5 33. Rc3 Kf7 34. Nf4 g5 35. Nd5 Ke6 36. Kd2 b5 37. axb5 1-0

[Event "Nova Gorica op-A 20th"]
[Site "Nova Gorica"]
[Date "2015.01.30"]
[Round "1"]
[White "Bomans, Arno"]
[Black "Kmetic, Val"]
[Result "1-0"]
[WhiteElo "2250"]
[BlackElo "1547"]
[PlyCount "39"]
[EventDate "2015.01.30"]
[EventType "swiss"]
[EventRounds "9"]
[EventCountry "SLO"]
[SourceTitle "CBM 164 Extra"]
[Source "ChessBase"]
[SourceDate "2015.03.02"]
[SourceVersion "1"]
[SourceVersionDate "2015.03.02"]
[SourceQuality "1"]

1. Nf3 Nf6 2. c4 e6 3. g3 c5 4. Bg2 Nc6 5. 0-0 Be7 6. Nc3 0-0 7. d4 cxd4 8. Nxd4 Qc7 9. Ndb5 Qd8 10. Nd6 a6 11. c5 b5 12. e4 Bxd6 13. Qxd6 Ne8 14. Qd3 Bb7 15. Rd1 Ne5 16. Qd4 d6 17. cxd6 Nc4 18. b3 Ncxd6 19. Ba3 Qc7 20. Rac1 1-0

[Event "Ljubljana Winter op"]
[Site "Ljubljana"]
[Date "2014.04.01"]
[Round "8"]
[White "Kmetic, Val"]
[Black "Hribar, Andrej"]
[Result "1-0"]
[WhiteElo "1428"]
[BlackElo "1692"]
[PlyCount "83"]
[EventDate "2014.01.08"]
[EventType "swiss"]
[EventRounds "9"]
[EventCountry "SLO"]
[SourceTitle "EXT 2023"]
[Source "ChessBase"]
[SourceDate "2022.10.05"]
[SourceVersion "1"]
[SourceVersionDate "2022.10.05"]
[SourceQuality "1"]

1. e4 c5 2. c3 d6 3. Nf3 Nc6 4. Bb5 a6 5. Ba4 b5 6. Bc2 e5 7. 0-0 Nf6 8. d4 cxd4 9. cxd4 Bg4 10. d5 Nd4 11. Nbd2 Rc8 12. Bd3 Be7 13. h3 Bxf3 14. Nxf3 Nxf3+ 15. Qxf3 0-0 16. Be3 Nd7 17. Rac1 Nb8 18. Rxc8 Qxc8 19. Rc1 Qb7 20. Qe2 f5 21. f3 f4 22. Bf2 Bd8 23. a3 Bb6 24. Bxb6 Qxb6+ 25. Qf2 Qb7 26. Qc2 h6 27. Qc7 Qxc7 28. Rxc7 Rd8 29. g3 fxg3 30. Kg2 Kh7 31. Kxg3 Kg6 32. Bf1 Kf6 33. h4 Rd7 34. Rc8 Rb7 35. Bh3 g5 36. Rh8 gxh4+ 37. Kxh4 Kg7 38. Rd8 Rb6 39. b4 Kf6 40. Bf5 Ke7 41. Rh8 a5 42. bxa5 1-0

[Event "Ljubljana Winter op"]
[Site "Ljubljana"]
[Date "2014.02.12"]
[Round "5"]
[White "Bajt, Ales"]
[Black "Kmetic, Val"]
[Result "0-1"]
[WhiteElo "1292"]
[BlackElo "1428"]
[PlyCount "78"]
[EventDate "2014.01.08"]
[EventType "swiss"]
[EventRounds "9"]
[EventCountry "SLO"]
[SourceTitle "EXT 2023"]
[Source "ChessBase"]
[SourceDate "2022.10.05"]
[SourceVersion "1"]
[SourceVersionDate "2022.10.05"]
[SourceQuality "1"]

1. e4 e5 2. b3 Nf6 3. d3 Bc5 4. Be2 c6 5. Nf3 0-0 6. 0-0 d5 7. exd5 cxd5 8. d4 exd4 9. Nxd4 Re8 10. Bb2 Qe7 11. Bb5 Bd7 12. Re1 Qxe1+ 13. Qxe1 Rxe1+ 14. Bf1 Bxd4 15. Bxd4 Bb5 16. Nd2 Rxa1 17. Bxa1 Bxf1 18. Kxf1 Nbd7 19. Nf3 Kf8 20. Nd4 g6 21. f3 Ke7 22. Bb2 a6 23. Ke2 Kd6 24. c3 Re8+ 25. Kf2 Nc5 26. Ba3 Nfd7 27. f4 Kc7 28. Kf3 Re1 29. Nc2 Re6 30. Ne3 Kc6 31. Ke2 Nf6 32. Bb2 Ng4 33. Kf3 Nxe3 34. g4 Nd3 35. Ba3 Nd1 36. Kg3 Nxc3 37. f5 Re3+ 38. Kh4 f6 39. Bf8 g5+ 0-1

[Event "Novo Mesto op"]
[Site "Novo Mesto"]
[Date "2013.10.31"]
[Round "2"]
[White "Bajo, Tin"]
[Black "Kmetic, Val"]
[Result "0-1"]
[WhiteElo "1656"]
[BlackElo "1415"]
[PlyCount "112"]
[EventDate "2013.10.31"]
[EventType "swiss"]
[EventRounds "9"]
[EventCountry "SLO"]
[SourceTitle "EXT 2015"]
[Source "ChessBase"]
[SourceDate "2014.11.20"]
[SourceVersion "1"]
[SourceVersionDate "2014.11.20"]
[SourceQuality "1"]

1. e4 e5 2. Nf3 Nc6 3. Bc4 Bc5 4. c3 Nf6 5. d3 0-0 6. Bg5 d6 7. Nbd2 a6 8. Bb3 b5 9. 0-0 h6 10. Bh4 g5 11. Bg3 Ne7 12. h3 Be6 13. Nh2 Ng6 14. Bxe6 fxe6 15. Ng4 Kh7 16. Nxf6+ Rxf6 17. Nf3 Nf4 18. Bxf4 gxf4 19. Nh2 Rg6 20. Qf3 Qh4 21. Rad1 Rg3 22. d4 Rxf3 23. Nxf3 Qh5 24. dxc5 Rg8 25. Kh2 dxc5 26. Rd7+ Rg7 27. Rfd1 Qg6 28. Rxg7+ Qxg7 29. b3 Kg6 30. Nh4+ Kf6 31. Nf3 Qe7 32. c4 c6 33. Rd3 Qc7 34. Kg1 Qa5 35. Rd2 bxc4 36. bxc4 Qb4 37. Rd6 Qb1+ 38. Kh2 Qxe4 39. Nd2 Qc2 40. a3 Ke7 41. Rxc6 Qxd2 42. Rxa6 Qxf2 43. a4 Qg3+ 44. Kh1 f3 45. gxf3 Qxh3+ 46. Kg1 Qg3+ 47. Kf1 Qxf3+ 48. Ke1 Qe4+ 49. Kf2 Qxc4 50. Ra7+ Kd6 51. a5 Kc6 52. Ra8 Qa2+ 53. Ke3 Kb7 54. Rh8 Qxa5 55. Rxh6 Qc3+ 56. Ke4 Qd4+ 0-1

[Event "Ljubljana op 1st"]
[Site "Ljubljana"]
[Date "2013.03.19"]
[Round "5"]
[White "Unuk, Laura"]
[Black "Kmetic, Val"]
[Result "1-0"]
[WhiteElo "2008"]
[BlackElo "1325"]
[PlyCount "83"]
[EventDate "2013.01.09"]
[EventType "swiss"]
[EventRounds "9"]
[EventCountry "SLO"]
[SourceTitle "EXT 2023"]
[Source "ChessBase"]
[SourceDate "2022.10.05"]
[SourceVersion "1"]
[SourceVersionDate "2022.10.05"]
[SourceQuality "1"]

1. d4 d5 2. c4 c6 3. Nf3 Nf6 4. Nc3 e6 5. Bg5 Be7 6. e3 0-0 7. Qc2 Nbd7 8. Bd3 dxc4 9. Bxc4 Nd5 10. Bxe7 Qxe7 11. 0-0 N7f6 12. e4 Nc7 13. Rad1 b5 14. Bd3 h6 15. Ne5 Bb7 16. Ne2 Qd6 17. Rc1 Rac8 18. a3 a6 19. b4 Na8 20. Nf3 Qe7 21. Nc3 Rfd8 22. e5 Ne8 23. Ne4 Nb6 24. Nc5 Nd5 25. Be4 Ba8 26. Qb2 Nec7 27. Nd2 Nf4 28. Ndb3 Nfd5 29. Qd2 Nb6 30. Bd3 Nd7 31. Ne4 Ne8 32. Kh1 Nb6 33. f4 Rd5 34. Nec5 Nc7 35. Qe2 Nd7 36. Ne4 Nb6 37. Rf3 Kf8 38. Nd6 Rxd6 39. exd6 Qxd6 40. f5 c5 41. bxc5 Bxf3 42. Qxf3 1-0

[Event "Ljubljana op 1st"]
[Site "Ljubljana"]
[Date "2013.03.13"]
[Round "8"]
[White "Kmetic, Val"]
[Black "Pridigar, Lovro"]
[Result "0-1"]
[WhiteElo "1325"]
[BlackElo "1555"]
[PlyCount "64"]
[EventDate "2013.01.09"]
[EventType "swiss"]
[EventRounds "9"]
[EventCountry "SLO"]
[SourceTitle "EXT 2023"]
[Source "ChessBase"]
[SourceDate "2022.10.05"]
[SourceVersion "1"]
[SourceVersionDate "2022.10.05"]
[SourceQuality "1"]

1. e4 d6 2. Nf3 Nf6 3. Nc3 Nbd7 4. d4 e5 5. Bg5 Be7 6. Bd3 c6 7. 0-0 h6 8. Bh4 exd4 9. Nxd4 Nb6 10. Qe2 0-0 11. Kh1 Re8 12. f4 Nxe4 13. Bxe7 Rxe7 14. Bxe4 d5 15. Rad1 f5 16. Bxd5+ Nxd5 17. Qc4 Kh8 18. Nxc6 bxc6 19. Qxc6 Bb7 20. Qg6 Rd7 21. Qg3 Nxc3 22. Rxd7 Qxd7 23. Qxc3 Rc8 24. Qb3 Qc6 25. Rf2 Qe4 26. Kg1 Rd8 27. c3 Qe1+ 28. Rf1 Qe3+ 29. Kh1 Qe2 30. Rg1 Bxg2+ 31. Rxg2 Rd1+ 32. Qxd1 Qxd1+ 0-1

[Event "Ljubljana op 1st"]
[Site "Ljubljana"]
[Date "2013.02.05"]
[Round "1"]
[White "Kmetic, Val"]
[Black "Zaloznik S, Domen"]
[Result "1-0"]
[WhiteElo "1325"]
[BlackElo "1519"]
[PlyCount "44"]
[EventDate "2013.01.09"]
[EventType "swiss"]
[EventRounds "9"]
[EventCountry "SLO"]
[SourceTitle "EXT 2023"]
[Source "ChessBase"]
[SourceDate "2022.10.05"]
[SourceVersion "1"]
[SourceVersionDate "2022.10.05"]
[SourceQuality "1"]

1. e4 Nf6 2. e5 Nd5 3. c4 Nb6 4. d4 d6 5. f4 dxe5 6. fxe5 Nc6 7. c5 Nd5 8. Nf3 Bg4 9. Bb5 Qd7 10. 0-0 a6 11. Ba4 0-0-0 12. Nc3 Qe6 13. Bb3 Bxf3 14. Rxf3 Nxd4 15. Qxd4 c6 16. Nxd5 cxd5 17. Bd2 f6 18. Re1 f5 19. Qd3 g6 20. c6 b5 21. Ba5 Re8 22. Bxd5 Qxd5 1-0

[Event "Ljubljana op 1st"]
[Site "Ljubljana"]
[Date "2013.02.05"]
[Round "3"]
[White "Milicevic, David"]
[Black "Kmetic, Val"]
[Result "0-1"]
[WhiteElo "1662"]
[BlackElo "1325"]
[PlyCount "58"]
[EventDate "2013.01.09"]
[EventType "swiss"]
[EventRounds "9"]
[EventCountry "SLO"]
[SourceTitle "EXT 2023"]
[Source "ChessBase"]
[SourceDate "2022.10.05"]
[SourceVersion "1"]
[SourceVersionDate "2022.10.05"]
[SourceQuality "1"]

1. d4 d5 2. Bf4 Nf6 3. Nf3 c5 4. e3 Nc6 5. c3 Qb6 6. Qb3 c4 7. Qxb6 axb6 8. Nbd2 Bf5 9. Nh4 Bd7 10. Nhf3 Bf5 11. Be2 h6 12. h3 g5 13. Bc7 b5 14. Ne5 Bg7 15. Bf3 e6 16. g4 Bh7 17. Nxc6 bxc6 18. Be5 Ke7 19. Bg2 Ne8 20. Bxg7 Nxg7 21. f3 f5 22. Kf2 Rhf8 23. a3 f4 24. h4 Bd3 25. hxg5 hxg5 26. Rh7 Bxh7 27. Rh1 Rh8 28. Rh6 Bd3 29. e4 Rxh6 0-1

[Event "Wch U10"]
[Site "Maribor"]
[Date "2012.11.10"]
[Round "3.44"]
[White "Wang, Cesare"]
[Black "Kmetic, Val"]
[Result "1-0"]
[WhiteElo "1710"]
[BlackElo "1266"]
[PlyCount "71"]
[EventDate "2012.11.08"]
[EventType "swiss"]
[EventRounds "11"]
[EventCountry "SLO"]
[SourceTitle "EXT 2013"]
[Source "ChessBase"]
[SourceDate "2012.11.22"]
[SourceVersion "1"]
[SourceVersionDate "2012.11.22"]
[SourceQuality "1"]

1. d4 d5 2. c4 c6 3. Nf3 e6 4. e3 Nf6 5. Nc3 Be7 6. Qc2 0-0 7. Bd3 dxc4 8. Bxc4 Nbd7 9. 0-0 Nb6 10. Bd3 Bd7 11. e4 h6 12. Rd1 Rc8 13. Be3 Qc7 14. Rac1 c5 15. Nb5 Bxb5 16. Bxb5 a6 17. Bd3 c4 18. Be2 Rfd8 19. h3 Qc6 20. Nd2 Rd7 21. f3 Rdc7 22. Qb1 Qd7 23. a3 Rc6 24. Rc3 Qc7 25. Rdc1 Qd7 26. Nxc4 Nxc4 27. Rxc4 Rxc4 28. Rxc4 Rxc4 29. Bxc4 Qc6 30. Bf1 Qb6 31. Qc1 Qd8 32. Qc3 Bd6 33. Qb3 Bg3 34. Qxb7 Qa5 35. Qxa6 Qe1 36. Qe2 1-0